000 00771 a2200229 4500
001 54394
005 20260407155816.0
008 260407a1973 arg spa d
003 AR-UNSa-BCEJYS
040 _aAR-UNSa-BCEJYS
_bspa
_cAR-UNSa-BCEJYS
080 _a336.1
_xFinanzas Públicas. Finanzas del gobierno en general
245 1 0 _aSistemas fiscales
020 _a84-03-18227-9
264 1 _aMadrid :
_bAguilar
_c1973
300 _ali, 390 p.
_c20 cm.
505 _a1. Sector público y sistemas económicos - 2. Sector público y desarrollo económico - 3. El sector público en una economía abierta
041 _aspa
942 _cBK
590 _aniveau_biblio:m niveau_hierar:0
100 1 _aMusgrave, Richard A.
700 1 _aFuentes Quintana, Enrique
999 _c5551
_d5551